Chemical symbols quiz - Statistics

General Stats
  • This quiz has been taken 57 times
  • The average score is 62 of 118
Answer Stats
Hint Answer % Correct
Au Gold
92%
H Hydrogen
90%
O Oxygen
90%
C Carbon
85%
He Helium
85%
Fe Iron
85%
Al Aluminium
82%
Ca Calcium
82%
Pb Lead
82%
Cu Copper
79%
Li Lithium
79%
N Nitrogen
79%
Ag Silver
79%
Ar Argon
77%
Be Beryllium
77%
B Boron
77%
Mg Magnesium
77%
Ne Neon
77%
K Potassium
77%
Co Cobalt
74%
F Fluorine
74%
Hg Mercury
74%
I Iodine
72%
Ni Nickel
72%
Na Sodium
72%
S Sulfur
72%
As Arsenic
69%
Br Bromine
69%
Cl Chlorine
69%
Cr Chromium
69%
Mn Manganese
69%
Zn Zinc
69%
Ba Barium
67%
Cs Caesium
67%
Ge Germanium
67%
U Uranium
67%
Pt Platinum
64%
Si Silicon
64%
Cf Californium
62%
Fr Francium
62%
Ga Gallium
62%
Kr Krypton
62%
Ra Radium
62%
Rn Radon
62%
Am Americium
59%
Bi Bismuth
59%
Xe Xenon
59%
Cd Cadmium
56%
Rb Rubidium
56%
Sn Tin
56%
Ti Titanium
56%
In Indium
54%
Pd Palladium
54%
Pu Plutonium
54%
Po Polonium
54%
Se Selenium
54%
W Tungsten
54%
Sb Antimony
51%
Bk Berkelium
49%
Es Einsteinium
49%
Eu Europium
49%
Ir Iridium
49%
Nd Neodymium
49%
At Astatine
46%
Hf Hafnium
46%
La Lanthanum
46%
Np Neptunium
46%
Og Oganesson
46%
Os Osmium
46%
Th Thorium
46%
Ac Actinium
44%
Dy Dysprosium
44%
Sc Scandium
44%
Sr Strontium
44%
Te Tellurium
44%
Zr Zirconium
44%
Ce Cerium
41%
Cm Curium
41%
Fm Fermium
41%
Ho Holmium
41%
Mo Molybdenum
41%
Nh Nihonium
41%
V Vanadium
41%
Re Rhenium
38%
Y Yttrium
38%
Bh Bohrium
36%
Gd Gadolinium
36%
Ru Ruthenium
36%
Rf Rutherfordium
36%
Er Erbium
33%
Hs Hassium
33%
Lr Lawrencium
33%
Lv Livermorium
33%
No Nobelium
33%
P Phosphorous
33%
Ta Tantalum
33%
Tc Technetium
33%
Yb Ytterbium
33%
Lu Lutetium
31%
Nb Niobium
31%
Pa Protactinium
31%
Sg Seaborgium
31%
Ds Darmstadtium
28%
Mt Meitnerium
28%
Pm Promethium
28%
Tl Thallium
28%
Db Dubnium
26%
Md Mendelevium
26%
Pr Praseodymium
26%
Sm Samarium
26%
Cn Copernicium
23%
Fl Flerovium
23%
Rg Roentgenium
23%
Ts Tennessine
23%
Rh Rhodium
21%
Tb Terbium
21%
Mc Moscovium
18%
Tm Thulium
15%
No matching quizzes found
Score Distribution
Percent of People with Each Score
Percentile by Number Answered
Your Score History
You have not taken this quiz